Chargement en cours…

Notre-Dame Geschichte einer Kathedrale.

Détails bibliographiques
Cote:Libro Electrónico
Auteur principal: Gaehtgens, Thomas W.
Format: Électronique eBook
Langue:Alemán
Publié: München : C.H. Beck, 2020.
Collection:Beck'sche Reihe.
Sujets:
Accès en ligne:Texto completo

MARC

LEADER 00000cam a2200000Mu 4500
001 JSTOR_on1202478102
003 OCoLC
005 20231005004200.0
006 m o d
007 cr |||||||||||
008 201031s2020 gw o ||| 0 ger d
040 |a EBLCP  |b eng  |c EBLCP  |d OCLCO  |d YDX  |d JSTOR  |d OCLCO  |d OCLCF  |d OCLCO  |d OCLCQ  |d EBLCP  |d OCLCQ 
019 |a 1196244790 
020 |a 9783406750496  |q (electronic bk.) 
020 |a 3406750494  |q (electronic bk.) 
020 |a 3406750508  |q (electronic bk.) 
020 |a 9783406750502  |q (electronic bk.) 
035 |a (OCoLC)1202478102  |z (OCoLC)1196244790 
037 |a 22573/ctv288gd7z  |b JSTOR 
050 4 |a NA5550.N7  |b G34 2020 
082 0 4 |a 726.6094436  |2 23 
049 |a UAMI 
100 1 |a Gaehtgens, Thomas W. 
245 1 0 |a Notre-Dame  |h [electronic resource] :  |b Geschichte einer Kathedrale. 
260 |a München :  |b C.H. Beck,  |c 2020. 
300 |a 1 online resource (115 p.). 
490 1 |a Beck'sche Reihe ;  |v v.2913 
500 |a Description based upon print version of record. 
505 0 |a Intro -- Zum Buch -- Über den Autor -- Inhalt -- Plan von Paris (Truschet/Hoyau) um 1550, Ausschnitt mit der Île de la Cité -- Plan von Paris (Plan Turgot) 1734-1736, Ausschnitt mit der Île de la Cité -- Vorwort -- I. Die gotische Kathedrale -- Kathedrale und Königskirche -- Eine Kathedrale für die Hauptstadt -- Chor, Langhaus, nördliche und südliche Querschiffe -- Die Westfassade -- Die Westportale -- Die Königsgalerie -- Die Querhausfassaden und die Porte Rouge -- Die vollendete Kathedrale -- Königskirche vom Mittelalter bis zur Renaissance -- II. Die Kathedrale der Könige 
505 8 |a Eine Hochzeit mit dramatischen Folgen -- Festliche Ereignisse und Staatstrauer -- Calvinisten im Chor von Notre-Dame -- Das Gelübde Ludwigs XIII. -- Stiftungen der Bürger: Die «Mays» (Maibilder) -- Kardinal de Beaumont -- Ein Grabdenkmal der Aufklärung -- III. Tempel und Kirche der Nation -- Tempel und Nationaldenkmal -- Vandalismus -- Die Kaiserkrönung Napoleons I. -- Gotteshaus der Restauration -- Der Roman von Victor Hugo -- Die Restaurierung unter Lassus und Viollet-le-Duc -- IV. Die Kathedrale der Republik -- Die Trennung von Kirche und Staat -- Nationalkirche 
505 8 |a Dichterische Inspiration und Deutung der Kathedrale -- Vom Ersten zum Zweiten Weltkrieg -- 15. April 2019 -- Gläubige und Besucher -- Ausgewählte Literatur -- Bildnachweis -- Impressum 
590 |a JSTOR  |b Books at JSTOR Demand Driven Acquisitions (DDA) 
590 |a JSTOR  |b Books at JSTOR All Purchased 
610 2 0 |a Notre-Dame de Paris (Cathedral) 
610 2 7 |a Notre-Dame de Paris (Cathedral)  |2 fast  |0 (OCoLC)fst00535012 
650 0 |a Cathedrals  |z France  |z Paris  |x History. 
651 0 |a Paris (France)  |x Buildings, structures, etc. 
650 6 |a Cathédrales  |z France  |z Paris  |x Histoire. 
650 7 |a Buildings.  |2 fast  |0 (OCoLC)fst00840962 
650 7 |a Cathedrals.  |2 fast  |0 (OCoLC)fst00849073 
651 7 |a France  |z Paris.  |2 fast  |0 (OCoLC)fst01205283 
655 7 |a History.  |2 fast  |0 (OCoLC)fst01411628 
776 0 8 |i Print version:  |a Gaehtgens, Thomas W.  |t Notre-Dame : Geschichte einer Kathedrale  |d München : C.H. Beck,c2020  |z 9783406750489 
830 0 |a Beck'sche Reihe. 
856 4 0 |u https://jstor.uam.elogim.com/stable/10.2307/j.ctv289dshx  |z Texto completo 
938 |a ProQuest Ebook Central  |b EBLB  |n EBL6991752 
938 |a YBP Library Services  |b YANK  |n 301541754 
994 |a 92  |b IZTAP